Carvinowledge's CPT practice kit / (Record no. 95024)

MARC details
000 -LEADER
fixed length control field 00828nam a22001817a 4500
005 - DATE AND TIME OF LATEST TRANSACTION
control field 20150907114514.0
010 ## - LCCN (DPL NO)
LC control number ENG-113517
020 ## - INTERNATIONAL STANDARD BOOK NUMBER
Terms of availability 975.00
International Standard Book Number 9789351434290
035 ## - SYSTEM CONTROL NUMBER
System control number EN- 97049
037 ## - SOURCE OF ACQUISITION
Source of stock number/acquisition DBAD/PUB
082 ## - DEWEY DECIMAL CLASSIFICATION NUMBER
Classification number 000
245 ## - TITLE STATEMENT
Title Carvinowledge's CPT practice kit /
Statement of responsibility, etc foreworded by Jay Ajit Chhaira
260 ## - PUBLICATION, DISTRIBUTION, ETC. (IMPRINT)
Place of publication, distribution, etc Gurgaon
Name of publisher, distributor, etc LexisNexis
Date of publication, distribution, etc 2015
270 ## - ADDRESS
Address 14th Fioor, Buiding No.10, Tower - B DLF Cyber City, Phase- II
City Gurgaon
Postal code 122002
300 ## - PHYSICAL DESCRIPTION
Extent various pagings
Dimensions 27cm(pbk)
505 ## - FORMATTED CONTENTS NOTE
Formatted contents note Module 1- Fundamentals of accounting<br/>Module 2- Mercantile laws<br/>Module 3- General economics<br/>Module 4- Quantitative aptitude<br/>Solved Analyzer-1- Fundamentals of accounting, mercantile laws<br/>Solved Analyzer-2- General economics, quantitative aptitude<br/>Model test papers<br/>
942 ## - ADDED ENTRY ELEMENTS (KOHA)
Source of classification or shelving scheme Dewey Decimal Classification
Item type English Books
Call number suffix CAR
Classification part 000
Holdings
Withdrawn status Lost status Not for loan Collection code Home library Current library Date acquired Source of acquisition Cost, normal purchase price Full call number Barcode Copy number Cost, replacement price Koha item type
    Not For Loan Non-fiction D.B.Act.Division D.B.Act.Division 17/07/2015 DBAD/PUB 945.00 000 CAR EN-97049 1 945.00 English Books

© Delhi Public Library
Hit Counter
free hit counter